[Event "FIDE World Cup 2013"]
[Site "Tromso NOR"]
[Date "2013.08.11"]
[Round "1.42"]
[White "Ortiz Suarez,I"]
[Black "Polgar,Ju"]
[Result "1-0"]
[WhiteElo "2609"]
[BlackElo "2696"]

1.c4 c5 2.Nf3 Nc6 3.Nc3 Nf6 4.e3 e6 5.d4 d5 6.cxd5 exd5 7.Bb5 Bd6 8.dxc5 Bxc5
9.O-O O-O 10.b3 Bg4 11.Bb2 Rc8 12.h3 Bh5 13.Rc1 Bd6 14.Be2 Bxf3 15.Bxf3 Be5
16.Ba1 Qa5 17.Nxd5 Rfd8 18.Bxe5 Nxd5 19.Bxd5 Qxd5 20.Qxd5 Rxd5 21.Bc3 Rcd8
22.Rfe1 a5 23.Kf1 b5 24.Rc2 h5 25.Rec1 Kh7 26.Be1 Nb4 27.Bxb4 axb4 28.Rc5 h4
29.R1c2 f6 30.Ke2 g5 31.Rxd5 Rxd5 32.Rd2 Rc5 33.Rd7+ Kg6 34.Kd2 Rc6 35.Rd5 Ra6
36.Rxb5 Rxa2+ 37.Ke1 Rb2 38.Rxb4 Kf5 39.Kf1 Ke5 40.f3 Rb1+ 41.Kf2 Rb2+ 42.Kg1 Rb1+
43.Kh2 f5 44.e4 fxe4 45.Rxe4+ Kf5 46.Rb4 Rb2 47.Rb8 Kf6 48.b4 Rb1 49.b5 Kg6
50.b6 Kg7 51.b7 Kh7 52.f4 gxf4 53.Rf8 Rxb7 54.Rxf4 Kg6 55.Rxh4 Rb3 56.Rf4 Kg5
57.Rf3 Rb4 58.Kg3 Ra4 59.Rb3 Ra5 60.h4+ Kh5 61.Kh3 Ra6 62.g4+ Kh6 63.Kg3 Kg6
64.h5+ Kh6 65.Kh4  1-0

[Event "FIDE World Cup 2013"]
[Site "Tromso NOR"]
[Date "2013.08.12"]
[Round "2.42"]
[White "Polgar,Ju"]
[Black "Ortiz Suarez,I"]
[Result "1/2-1/2"]
[WhiteElo "2696"]
[BlackElo "2609"]

1.e4 c5 2.Nf3 d6 3.d4 cxd4 4.Nxd4 Nf6 5.Nc3 a6 6.Bg5 Nbd7 7.Qe2 h6 8.Bd2 e6
9.f4 Qc7 10.O-O-O b5 11.g4 Bb7 12.g5 hxg5 13.fxg5 b4 14.Nd5 Nxd5 15.exd5 Bxd5
16.Bg2 Bxg2 17.Qxg2 Rc8 18.Bxb4 g6 19.Bc3 e5 20.Ne2 Nb6 21.h4 d5 22.Rhe1 Bg7
23.h5 Rxh5 24.Nf4 Rh4 25.Nxd5 Nxd5 26.Rxd5 Rc4 27.Re3 Kf8 28.Qd2 e4 29.Bxg7+ Kxg7
30.c3 Qf4 31.Re2 Qg3 32.Kc2 Re8 33.Rg2 Qb8 34.Qe3 Rc7 35.Rh2 Rce7 36.Qf2 Re6
37.Rd7 Rf8 38.Rxf7+ Rxf7 39.Rh7+ Kxh7 40.Qxf7+ Kh8 41.Qxe6 Qh2+ 42.Kb3 Qb8+
43.Ka3 Qf8+ 44.Ka4 Qf4 45.Qe8+ Kg7 46.Qd7+ Kf8 47.Qd8+ Kf7 48.Qd5+ Ke7 49.Qd4 Ke6
50.Kb3 Qf3 51.Kc2 Kf5 52.a4 Kxg5 53.b4 Kh4 54.b5 axb5 55.a5 Qe2+ 56.Kb3 Kg3
57.Qd6+ Kf3 58.a6 Qe1 59.Kb4 Qb1+ 60.Kc5 Qa1 61.Qf6+ Ke2 62.Kb6 b4 63.Qd4 bxc3
64.Qxe4+ Kd2 65.Qd5+ Ke3 66.Qe5+ Kd3 67.Qg3+ Kd2 68.Qd6+ Ke3 69.Qc5+ Kd3
70.Qb5+ Kd2 71.Qg5+ Ke2 72.Qe5+ Kd3 73.a7 Qg1+ 74.Ka6 Qa1+ 75.Kb7 Qh1+ 76.Kb8 c2
77.Qg3+ Kd2 78.Qg5+ Kd1 79.Qd8+ Ke2 80.Qe7+ Kd2 81.Qb4+ Ke2 82.Qc4+ Kd2 83.Qf4+ Kd1
84.Qd6+ Ke2 85.a8=Q Qxa8+ 86.Kxa8 c1=Q 87.Qxg6  1/2-1/2

[Event "15th ch-EUR Indiv 2014"]
[Site "Yerevan ARM"]
[Date "2014.03.04"]
[Round "2.14"]
[White "Gabrielian,A"]
[Black "Polgar,Ju"]
[Result "1/2-1/2"]
[WhiteElo "2560"]
[BlackElo "2693"]

1.e4 c5 2.Nf3 Nc6 3.d4 cxd4 4.Nxd4 Nf6 5.Nc3 Qb6 6.Nb3 e6 7.Bd3 Be7 8.Be3 Qc7
9.f4 d6 10.Qf3 O-O 11.g4 Nb4 12.g5 Nd7 13.O-O-O b6 14.Kb1 Bb7 15.Nd4 Nxd3
16.cxd3 Rfe8 17.h4 Bf8 18.h5 Rac8 19.Ncb5 Qd8 20.g6 f5 21.h6 Nf6 22.gxh7+ Kh8
23.hxg7+ Bxg7 24.Qg3 Ng4 25.Rhg1 Qd7 26.Nc3 Ba6 27.Qh3 Rc7 28.Rxg4 fxg4 29.Qxg4 Bxd4
30.Bxd4+ e5 31.Qxd7 Rxd7 32.Be3 exf4 33.Bxf4 Rf8 34.Be3 Rf3 35.Bd4+ Kxh7
36.Kc2 Rg3 37.b4 Rc7 38.a4 Kg6 39.b5 Bc8 40.Rf1 Rg2+ 41.Rf2 Rxf2+ 42.Bxf2 Kf6
43.a5 bxa5 44.b6 axb6 45.Bxb6 Rh7 46.Nd5+ Ke6 47.Bxa5 Bb7 48.Ne3 Rh3 49.Bb6 Ba6
50.Kc3 Kd7 51.Bd4 Kc6 52.Ba7 Bb5 53.Bd4 Rf3 54.Ba7 Rf8 55.Bd4 Ra8 56.Nc2 Kd7
57.Be3 Ra2 58.Kb3 Ra8 59.Kc3 Rc8+ 60.Kd2 Rh8 61.Bd4 Rh2+ 62.Kc3 Ba4 63.Ne3 Re2
64.Kb4 Bc6 65.Kc3 Bb5 66.Nd5 Ra2 67.Nf4 Kc6 68.Be3 Ra4 69.Kd2 Ra3 70.Bd4 Ra2+
71.Ke3 Ra3  1/2-1/2

[Event "15th ch-EUR Indiv 2014"]
[Site "Yerevan ARM"]
[Date "2014.03.06"]
[Round "4.12"]
[White "Tregubov,P"]
[Black "Polgar,Ju"]
[Result "1/2-1/2"]
[WhiteElo "2614"]
[BlackElo "2693"]

1.d4 Nf6 2.c4 e6 3.Nf3 b6 4.g3 Bb7 5.Bg2 Be7 6.O-O O-O 7.Re1 h6 8.d5 exd5
9.Nh4 c6 10.cxd5 Nxd5 11.Nf5 Bc5 12.e4 Ne7 13.Nxg7 Kxg7 14.b4 Bxf2+ 15.Kxf2 Ng6
16.e5 d5 17.exd6 Qf6+ 18.Qf3 Qxf3+ 19.Bxf3 Nd7 20.Bb2+ f6 21.Na3 Nde5 22.Be4 Rad8
23.Rad1 Ba6 24.Bc3 Kf7 25.Kg2 Rg8 26.b5 Bb7 27.Rf1 Ke6 28.bxc6 Bxc6 29.Bxc6 Nxc6
30.Rxf6+ Kd7 31.Rf7+ Ke6 32.Rf6+ Kd7 33.Nb5 Rdf8 34.Rdf1 Rxf6 35.Rxf6 h5
36.Nd4 Nce5 37.h3 Rc8 38.Ne2 Rc4 39.Rf5 Kxd6 40.Rxh5 Ra4 41.a3 a5 42.Rg5 b5
43.h4 Re4 44.Nd4 b4 45.axb4 axb4 46.Bxb4+ Kd5 47.Bc3 Rxd4 48.Bxd4 Kxd4 49.h5 Nh8
50.g4 Nhf7 51.Rg7 Ke4 52.g5 Kf5 53.g6 Kf6 54.Rg8 Nh6 55.Rh8 Kg5 56.g7 Neg4
57.Kf3 Nf6 58.Ra8 Kxh5 59.Ra5+  1/2-1/2

[Event "15th ch-EUR Indiv 2014"]
[Site "Yerevan ARM"]
[Date "2014.03.07"]
[Round "5.14"]
[White "Polgar,Ju"]
[Black "Pashikian,A"]
[Result "1/2-1/2"]
[WhiteElo "2693"]
[BlackElo "2612"]

1.e4 e5 2.Nf3 Nc6 3.Bb5 Nf6 4.d3 Bc5 5.c3 O-O 6.O-O Re8 7.Nbd2 a6 8.Ba4 b5
9.Bb3 d6 10.Re1 Be6 11.Nf1 Bxb3 12.axb3 h6 13.Nh4 d5 14.Qf3 Nxe4 15.dxe4 Qxh4
16.exd5 e4 17.Qg3 Qxg3 18.Nxg3 Ne7 19.Rxe4 f5 20.Re6 Nxd5 21.Raxa6 f4 22.Rxa8 Rxa8
23.Nf1 Ra1 24.Re1 Bb6 25.b4 Ne3 26.Nd2 Ng4 27.Ne4 Ne5 28.Bd2 Ra2 29.Rb1 Nd3
30.h4 g5 31.hxg5 hxg5 32.Nxg5 Bxf2+ 33.Kf1 Be3 34.Bxe3 fxe3 35.Ke2 Nxb2 36.Kxe3 Na4
37.Ne4 Rxg2 38.Rf1 Kg7 39.Kd4 Rg4 40.Ke5 Nxc3 41.Nxc3 Rxb4 42.Ne4 Rb2 43.Rc1 Re2
44.Kf5 Kf8 45.Rxc7 Re1 46.Ng5 Rf1+ 47.Kg6 Rg1 48.Kf6  1/2-1/2

[Event "15th ch-EUR Indiv 2014"]
[Site "Yerevan ARM"]
[Date "2014.03.08"]
[Round "6.14"]
[White "Schlosser,P"]
[Black "Polgar,Ju"]
[Result "1/2-1/2"]
[WhiteElo "2612"]
[BlackElo "2693"]

1.c4 c5 2.Nf3 Nc6 3.d4 cxd4 4.Nxd4 Nf6 5.Nc3 e6 6.g3 Qb6 7.Ndb5 Ne5 8.Bg2 a6
9.Na4 Qa5+ 10.Nbc3 Rb8 11.Bf4 d6 12.c5 Nfd7 13.cxd6 b5 14.Nc5 Nxc5 15.Bxe5 b4
16.Na4 Nxa4 17.d7+ Bxd7 18.Bxb8 Nxb2 19.Qc1 Na4 20.Qc7 Qxc7 21.Bxc7 Bc5 22.Rb1 Ke7
23.Rb3 Bb5 24.e3 Bc4 25.Kd2 Rc8 26.Be5 f6 27.Ba1 a5 28.Rc1 Bxb3 29.axb3 Nb6
30.Ke2 a4 31.bxa4 Nxa4 32.Be4 h6 33.g4 b3 34.Rb1 Bd6 35.Rxb3 Nc5 36.Rb4 Nxe4
37.Rxe4 Rc2+ 38.Kf3 Bxh2 39.Kg2 Bd6 40.Ra4 e5 41.Ra7+ Bc7 42.Bb2 Kd7 43.Rb7 Kc6
44.Rb3 Ba5 45.Kf1 Rc4 46.f3 Rc2 47.Ba3 g6 48.Be7 f5 49.gxf5 gxf5 50.Rb8 Rc3
51.Rf8 Rxe3 52.Rxf5 Bc3 53.Bf8 h5 54.Kf2 Bd4 55.Rxh5 e4 56.Rh6+ Kd7 57.Rd6+ Ke8
58.Rxd4 Rxf3+ 59.Ke2 Kxf8 60.Rxe4  1/2-1/2

[Event "15th ch-EUR Indiv 2014"]
[Site "Yerevan ARM"]
[Date "2014.03.10"]
[Round "7.18"]
[White "Polgar,Ju"]
[Black "Hovhannisyan,R"]
[Result "1/2-1/2"]
[WhiteElo "2693"]
[BlackElo "2611"]

1.e4 e5 2.Nf3 Nc6 3.Bb5 Nf6 4.O-O Nxe4 5.Re1 Nd6 6.Nxe5 Be7 7.Bf1 Nxe5 8.Rxe5 O-O
9.Nc3 Ne8 10.d4 Bf6 11.Re1 d5 12.Bf4 c6 13.Ne2 Bg4 14.Qd2 Nd6 15.Ng3 Nc4
16.Bxc4 dxc4 17.Be5 Bg5 18.Qc3 f6 19.Qxc4+ Kh8 20.d5 Bd2 21.Rf1 Qxd5 22.Qxd5 cxd5
23.Bd4 Rfe8 24.f3 Bd7 25.Rad1 Bf4 26.Nh5 Bh6 27.Kf2 Bf5 28.c3 Bc2 29.Rde1 Bd3
30.Rg1 Bd2 31.Rxe8+ Rxe8 32.Ng3 Bf4 33.Bxa7 Ra8 34.Re1 Bg6 35.Be3 Bxg3+ 36.Kxg3 Rxa2
37.Rd1 Rxb2 38.Rxd5 h5 39.h4 Bf7 40.Rd2 Rxd2 41.Bxd2  1/2-1/2

[Event "15th ch-EUR Indiv 2014"]
[Site "Yerevan ARM"]
[Date "2014.03.12"]
[Round "9.13"]
[White "Polgar,Ju"]
[Black "Grigoriants,S RUS"]
[Result "0-1"]
[WhiteElo "2693"]
[BlackElo "2574"]

1.e4 e5 2.Nf3 Nc6 3.Bb5 a6 4.Ba4 Nf6 5.O-O Be7 6.d3 d6 7.c3 O-O 8.Re1 Re8
9.Nbd2 Bf8 10.d4 b5 11.Bc2 exd4 12.cxd4 Bg4 13.d5 Nd4 14.Re3 Bh5 15.Bd3 Ng4
16.Re1 Ne5 17.Be2 Nxe2+ 18.Qxe2 c6 19.dxc6 d5 20.Qf1 Nxf3+ 21.gxf3 Qh4 22.Qg2 Qf6
23.f4 Qxf4 24.Nb3 Qc7 25.Qg5 Bg6 26.Bf4 Qxc6 27.exd5 Qd7 28.Bg3 Be4 29.d6 Qh3
30.Rxe4 Rxe4 31.Rd1 Bxd6 32.Nd2 Bxg3 33.hxg3 Qg4 34.Nxe4 Qxd1+ 35.Kg2 Qd4
36.Qf5 Rd8  0-1

[Event "15th ch-EUR Indiv 2014"]
[Site "Yerevan ARM"]
[Date "2014.03.13"]
[Round "10.24"]
[White "Ter Sahakyan,S"]
[Black "Polgar,Ju"]
[Result "1-0"]
[WhiteElo "2572"]
[BlackElo "2693"]

1.e4 c5 2.Nf3 Nc6 3.d4 cxd4 4.Nxd4 e6 5.Nc3 Qc7 6.Be3 a6 7.Qd2 Nf6 8.O-O-O Be7
9.f3 b5 10.g4 Nxd4 11.Bxd4 Bb7 12.g5 Nh5 13.Be5 Qxe5 14.Qxd7+ Kf8 15.Qxb7 Bxg5+
16.Kb1 Qb8 17.Rd7 Qxb7 18.Rxb7 Bf6 19.a4 Bxc3 20.bxc3 bxa4 21.Bxa6 g5 22.Bb5 Kg7
23.Rd1 Rhb8 24.Rxb8 Rxb8 25.c4 Nf4 26.Kb2 Ng6 27.Ka3 Ne5 28.Kxa4 Nxf3 29.c5 Ne5
30.c6 Rc8 31.Rd6 Kf6 32.Kb4 g4 33.Kc5 Ke7 34.Rd1 h5 35.Kb6 Rb8+ 36.Kc5 Rc8
37.Kb6 Rb8+ 38.Ka6 Nxc6 39.Bxc6 Rb2 40.Ba4 Rb4 41.Bb5 Rxe4 42.Rc1 h4 43.c4 Re2
44.c5 Rxh2 45.c6 Rd2 46.c7 Rd8 47.cxd8=Q+ Kxd8 48.Be2 f5 49.Rc4 Kd7 50.Bxg4 fxg4
51.Rxg4 Kc6 52.Ka5 Kd5  1-0

[Event "HUN-POL Friendly Match m 2014"]
[Site "Budapest HUN"]
[Date "2014.06.08"]
[Round "1.5"]
[White "Gajewski,G"]
[Black "Polgar,Ju"]
[Result "1/2-1/2"]
[WhiteElo "2650"]
[BlackElo "2685"]

1.d4 Nf6 2.c4 e6 3.Nf3 Bb4+ 4.Nbd2 b6 5.a3 Bxd2+ 6.Qxd2 Bb7 7.e3 d6 8.b4 Nbd7
9.Be2 a5 10.Bb2 axb4 11.axb4 Rxa1+ 12.Bxa1 b5 13.cxb5 Nb6 14.O-O O-O 15.Rc1 Qa8
16.Bb2 Rc8 17.Ra1 Qb8 18.Qd1 Bxf3 19.Bxf3 d5 20.Qc2 Ne8 21.e4 Nd6 22.e5 Ndc4
23.Be2 Qb7 24.Bd3 h6 25.Rf1 Nxb2 26.Qxb2 Nc4 27.Qc3 Qxb5 28.Rc1 Ra8 29.h4 Ra4
30.Ra1 Rxa1+ 31.Qxa1 Qb7 32.b5 Qb8 33.h5 Nb6 34.Qa3 Qd8 35.g3 Qg5 36.Kg2 Qd2
37.Bb1 Qe1 38.Bc2 Qd2 39.Qd3 Nc4 40.Qxd2 Nxd2 41.f3 f6 42.Kf2 Nc4 43.Bd3 Nb6
44.g4 Kf7 45.Ke3 Ke7 46.f4 Nd7 47.Bc2 Nb6 48.Bb3 Nd7 49.Ba2 Kd8 50.Kd3 fxe5
51.dxe5 c5 52.bxc6 Nb8 53.Bxd5 exd5 54.Kd4 Nxc6+ 55.Kxd5 Nb4+ 56.Ke6 Ke8
57.f5 Nc2 58.f6 gxf6 59.Kxf6 Ne3  1/2-1/2

[Event "HUN-POL Friendly Match m 2014"]
[Site "Budapest HUN"]
[Date "2014.06.09"]
[Round "2.5"]
[White "Polgar,Ju"]
[Black "Wojtaszek,R"]
[Result "1/2-1/2"]
[WhiteElo "2685"]
[BlackElo "2715"]

1.e4 c5 2.Nf3 d6 3.Bb5+ Nd7 4.c3 Nf6 5.Qe2 a6 6.Ba4 b5 7.Bc2 e6 8.d4 Bb7
9.O-O Be7 10.a4 O-O 11.Re1 Qb6 12.Nbd2 cxd4 13.cxd4 Rfc8 14.Bd3 Nf8 15.a5 Qd8
16.Nb3 Rc7 17.Bg5 Ng6 18.Nfd2 Nd7 19.Be3 Bg5 20.g3 Bxe3 21.Qxe3 Ne7 22.Bf1 Nc6
23.Rec1 Rac8 24.Rc3 h6 25.Bh3 Nb4 26.Rac1 Na2 27.Rxc7 Rxc7 28.Rxc7 Qxc7 29.f3 Nc1
30.Bf1 Nxb3 31.Nxb3 Qc2 32.Qc3 Qxc3 33.bxc3 Kf8 34.Kf2 Ke7 35.Ke3 f5 36.exf5 exf5
37.c4 bxc4 38.Bxc4 Nf6 39.Nc1 Nd5+ 40.Bxd5 Bxd5 41.Nd3 Bc4 42.Nb4 Kf6 43.f4 Ke6
44.Kd2 Bb5 45.d5+ Kf6 46.Ke3 Bc4 47.Kd4 Bb5 48.Nc6 Bf1 49.Na7 Ke7 50.Ke3 Bg2
51.Nc8+ Kd7 52.Nb6+ Ke7 53.Ke2 Be4 54.Kd2 Bg2 55.Kc3 Bf1 56.Nc8+ Kd7 57.Na7 Ke7
58.Kd4 Be2 59.Nc6+ Kf6 60.Nd8 Ke7 61.Ne6 Kf6 62.Kc3 Bf1 63.Kb4 Bd3 64.Kc3 Bf1
65.Nd8 Ke7 66.Nc6+ Kf6 67.Kd4 Be2 68.Nb4 Bb5 69.Nc2 Be2 70.Ne3 Bb5 71.Kc3 Be2
72.Kd2 Bf3 73.Ke1 Be4 74.Kf2 Bd3 75.Kf3 Be4+ 76.Ke2 Ke7 77.Kd2 Kf6 78.Kc3 Bf3
79.Kd3 Be4+ 80.Kd4 Bf3 81.Nc4 Ke7 82.Ne3 Kf6 83.Nc4 Ke7 84.Ne3 Kf6 85.h3 Be4
86.g4 g6  1/2-1/2

[Event "HUN-POL Friendly Match m 2014"]
[Site "Budapest HUN"]
[Date "2014.06.10"]
[Round "3.6"]
[White "Polgar,Ju"]
[Black "Socko,B"]
[Result "1/2-1/2"]
[WhiteElo "2685"]
[BlackElo "2622"]

1.e4 e5 2.Nf3 Nf6 3.Nxe5 d6 4.Nf3 Nxe4 5.d4 d5 6.Bd3 Nc6 7.O-O Be7 8.c4 Nb4
9.Be2 O-O 10.Nc3 Bf5 11.a3 Nxc3 12.bxc3 Nc6 13.Re1 Re8 14.Be3 Bf6 15.Rc1 dxc4
16.Bxc4 Na5 17.Be2 c5 18.Qa4 Bd7 19.Bb5 Bxb5 20.Qxb5 a6 21.Qb1 c4 22.h4 Nb3
23.Rcd1 h6 24.Qf5 Qa5 25.Qxa5 Nxa5 26.Bf4 b5 27.a4 Rxe1+ 28.Rxe1 Nb3 29.axb5 axb5
30.Bd6 Ra2 31.g3 Rc2 32.Bb4 Nc1 33.Re8+ Kh7 34.Ne5 Ne2+ 35.Kg2 Nxc3 36.Nd7 h5
37.Nxf6+ gxf6 38.Bxc3 Rxc3 39.Rb8 Rb3 40.d5 c3 41.d6 c2 42.Rc8 Rd3 43.Rxc2 Rxd6
44.Rc5 Rb6 45.Rxh5+ Kg6 46.Rd5 b4 47.Rd2 b3 48.Rb2 f5 49.f4 Kh5 50.Kf3 Rb8
51.Kf2 Kg4 52.Kg2 Rb6 53.Kf2 Kh3 54.Rb1 Kg4 55.Rb2 Rb8 56.Kg2 Rb6  1/2-1/2

[Event "HUN-POL Friendly Match m 2014"]
[Site "Budapest HUN"]
[Date "2014.06.11"]
[Round "4.6"]
[White "Swiercz,D"]
[Black "Polgar,Ju"]
[Result "1-0"]
[WhiteElo "2613"]
[BlackElo "2685"]

1.d4 Nf6 2.c4 e6 3.Nc3 Bb4 4.Qc2 d5 5.cxd5 exd5 6.Nf3 O-O 7.Bg5 h6 8.Bh4 g5
9.Bg3 Ne4 10.e3 Bf5 11.Bd3 Nd7 12.O-O Bxc3 13.bxc3 c5 14.Nd2 cxd4 15.Bxe4 dxe4
16.cxd4 Rc8 17.Qa4 a6 18.Rab1 Nb6 19.Qb4 Nd5 20.Qxb7 Nc3 21.Rb6 Be6 22.Be5 Re8
23.Rxa6 Bd5 24.Rg6+  1-0

[Event "FIDE World Blitz 2014"]
[Site "Dubai UAE"]
[Date "2014.06.19"]
[Round "10.17"]
[White "Polgar,Ju"]
[Black "Nguyen Ngoc Truong Son"]
[Result "1-0"]
[WhiteElo "2685"]
[BlackElo "2621"]

1.e4 e6 2.d4 d5 3.Nc3 Nc6 4.Nf3 Nf6 5.Bd3 Nb4 6.Bg5 Be7 7.e5 Nd7 8.Bxe7 Qxe7
9.Be2 c5 10.Nb5 O-O 11.c3 Nc6 12.O-O f6 13.c4 fxe5 14.cxd5 exd5 15.Nc7 exd4
16.Nxa8 Nf6 17.Re1 Qd8 18.Rc1 b6 19.Bb5 Bb7 20.Bxc6 Bxc6 21.Nxd4 Qxa8 22.Ne6 Re8
23.Qd3 Qc8 24.Ng5 Bd7 25.h3 h6 26.Nf3 Rxe1+ 27.Rxe1 Bf5 28.Qd2 d4 29.Qf4 Kh7
30.Nh4 Bg6 31.Nxg6 Kxg6 32.Re7 Qf8 33.Qe5 a5 34.g4 Kh7 35.h4 Qc8 36.Qf5+ Qxf5
37.gxf5 c4 38.Kf1 b5 39.Rc7 d3 40.Ke1 Ne4 41.f3 Nd6 42.f6 Kg8 43.fxg7 b4
44.Kd2 a4 45.Rc6 b3 46.axb3  1-0

[Event "FIDE World Blitz 2014"]
[Site "Dubai UAE"]
[Date "2014.06.20"]
[Round "13.5"]
[White "Polgar,Ju"]
[Black "Meier,Geo"]
[Result "1/2-1/2"]
[WhiteElo "2685"]
[BlackElo "2632"]

1.e4 e6 2.d4 d5 3.Nd2 dxe4 4.Nxe4 Nd7 5.Nf3 Ngf6 6.Bg5 h6 7.Nxf6+ Nxf6 8.Bh4 c5
9.c3 cxd4 10.Nxd4 Bc5 11.Bb5+ Bd7 12.Bxf6 Qxf6 13.Bxd7+ Kxd7 14.Nb3+ Bd6
15.Nc5+ Ke7 16.Ne4 Qe5 17.Qxd6+ Qxd6 18.Nxd6 Kxd6 19.Ke2 e5 20.Rhd1+ Ke6
21.c4 Rac8 22.Rac1 Rhd8 23.Rxd8 Rxd8 24.Rc3 Rc8 25.h4 g6 26.b4 b6 27.g3 f5
28.f3 Kd6 29.Rd3+ Ke6 30.Rc3 Kd6 31.Rd3+ Ke6 32.Rc3 Kd6 33.Kd3 Ke6 34.Ra3 Rd8+
35.Ke3 Rd4 36.Rxa7 Rxc4 37.b5 Rb4 38.a4 g5 39.h5 Kd5 40.Rd7+ Kc5 41.Rc7+ Kd5
42.Rd7+ Kc5 43.Rc7+ Kd5 44.Rd7+  1/2-1/2

[Event "FIDE World Blitz 2014"]
[Site "Dubai UAE"]
[Date "2014.06.20"]
[Round "14.1"]
[White "Carlsen,M"]
[Black "Polgar,Ju"]
[Result "1-0"]
[WhiteElo "2881"]
[BlackElo "2685"]

1.d4 Nf6 2.c4 g6 3.Nc3 Bg7 4.e4 d6 5.f3 O-O 6.Be3 a6 7.Nge2 c6 8.a4 a5 9.Ng3 Na6
10.Be2 Qc7 11.O-O e5 12.d5 h5 13.Qd2 h4 14.Nh1 Nh5 15.Nf2 f5 16.Nd3 f4 17.Bf2 Ng3
18.Rfd1 c5 19.hxg3 hxg3 20.Bxg3 fxg3 21.Qg5 Qf7 22.Nb5 Qf6 23.Qxg3 Bh6 24.Kf2 Nb4
25.Rh1 Kg7 26.Qh4 Qxh4+ 27.Rxh4 Bg5 28.Rh2 Be3+ 29.Kxe3 Nc2+ 30.Kd2 Nxa1
31.Kc3 Ra6 32.Rh1 Bd7 33.Rxa1 Bxb5 34.cxb5 Raa8 35.b3 Rh8 36.b6 Rh2 37.Rg1 Ra6
38.Nb2 Rxb6 39.Bb5  1-0

[Event "FIDE World Blitz 2014"]
[Site "Dubai UAE"]
[Date "2014.06.20"]
[Round "16.4"]
[White "Polgar,Ju"]
[Black "Anand,V"]
[Result "0-1"]
[WhiteElo "2685"]
[BlackElo "2785"]

1.e4 c5 2.Nf3 d6 3.d4 cxd4 4.Nxd4 Nf6 5.Nc3 a6 6.Bd3 g6 7.O-O Bg7 8.a4 O-O
9.Kh1 Nc6 10.Nxc6 bxc6 11.f4 a5 12.Bd2 Qb6 13.Rb1 Ba6 14.Bxa6 Qxa6 15.b3 Rfd8
16.Qf3 d5 17.e5 Nd7 18.Rbe1 e6 19.Nd1 Rdc8 20.Nf2 c5 21.Ng4 c4 22.Bc3 cxb3
23.cxb3 Rab8 24.Bd4 Nc5 25.Bxc5 Rxc5 26.Nf6+ Bxf6 27.exf6 Qc8 28.f5 exf5
29.Re7 Qa6 30.Qf4 Rbc8 31.Rfe1 Qxf6 32.h4 Kg7 33.h5 g5 34.Qd2 R8c6 35.Kg1 h6
36.R7e5 f4 37.Rxd5 Qc3 38.Qxc3+ Rxc3 39.Rxa5 Rxb3 40.Re2 Rb1+ 41.Kf2 Ra1
42.Kf3 Rc4 43.Kg4 Rcxa4 44.Rxa4 Rxa4 45.Re5 Ra3 46.Kf5 Rg3 47.Re2 f3 48.gxf3 Rxf3+
49.Ke5 Rh3  0-1

[Event "FIDE World Blitz 2014"]
[Site "Dubai UAE"]
[Date "2014.06.20"]
[Round "17.10"]
[White "Le Quang Liem"]
[Black "Polgar,Ju"]
[Result "1/2-1/2"]
[WhiteElo "2712"]
[BlackElo "2685"]

1.d4 Nf6 2.Bg5 Ne4 3.Bf4 c5 4.f3 Qa5+ 5.c3 Nf6 6.Nd2 cxd4 7.Nb3 Qd8 8.cxd4 e6
9.e4 d5 10.e5 Nfd7 11.Bd3 Bb4+ 12.Bd2 Nc6 13.f4 Qb6 14.Nf3 a5 15.Bxb4 Qxb4+
16.Qd2 a4 17.Nc1 b6 18.Ne2 Ba6 19.Bxa6 Rxa6 20.Rc1 Qxd2+ 21.Kxd2 b5 22.Nc3 Ke7
23.Nxb5 Rb8 24.Nd6 Rxb2+ 25.Rc2 Rxc2+ 26.Kxc2 Nb4+ 27.Kd2 Nxa2 28.Rb1 a3
29.Ne1 Rc6 30.Rb3 Ra6 31.Nc2 Ra4 32.Rb7 Ra6 33.g4 f6 34.h4 fxe5 35.fxe5 Kd8
36.Rb3 Nb6 37.Nxa3 Kc7 38.Kc2 Ra4 39.Kb2 Nb4 40.Rc3+ Nc6 41.Nab5+ Kd7 42.Rf3 Nc4+
43.Kb3 Nd2+ 44.Kxa4 Nxf3 45.Nb7 Nfxd4 46.Nc5+ Ke7 47.Nxd4 Nxd4 48.Nd3 Nf3
49.h5 h6 50.Kb4 Nh2 51.Nf2 Nf3 52.Nd3 g6 53.hxg6 Nh4 54.Nf4 Nf3 55.Nd3 Kf8
56.Kc5 Kg7 57.Kd6 Ng5 58.Nf4 d4 59.Kc5 d3 60.Nxd3 Kxg6 61.Kd6 Kf7 62.Nc5 Nf3
63.Nxe6 Nh2 64.Nf4 Nxg4 65.e6+ Ke8 66.Nd5 Kf8 67.Kc7 Nf6 68.Nxf6 Ke7 69.Ng8+ Kxe6
70.Nxh6 Ke5  1/2-1/2

[Event "FIDE World Blitz 2014"]
[Site "Dubai UAE"]
[Date "2014.06.20"]
[Round "18.7"]
[White "Polgar,Ju"]
[Black "Grischuk,A"]
[Result "1/2-1/2"]
[WhiteElo "2685"]
[BlackElo "2792"]

1.e4 c5 2.Nf3 d6 3.d4 cxd4 4.Nxd4 Nf6 5.Nc3 a6 6.Bd3 g6 7.O-O Bg7 8.a4 O-O
9.Kh1 Nc6 10.Nxc6 bxc6 11.f4 a5 12.Qe2 Qb6 13.Ra3 Ba6 14.Rb3 Bxd3 15.Qxd3 Qc7
16.Be3 Rab8 17.Rxb8 Rxb8 18.b3 Nd7 19.Nb1 Qb7 20.Nd2 d5 21.Bd4 Bxd4 22.Qxd4 Qb4
23.Qe3 Qc5 24.Qd3 e6 25.f5 exf5 26.exf5 Re8 27.fxg6 hxg6 28.Qf3 Re7 29.c4 Qe3
30.Qxe3 Rxe3 31.cxd5 cxd5 32.h3 Rd3 33.Nf3 Rxb3 34.Rd1 Nf6 35.Ne5 Rb4 36.Ra1 Rb6
37.Rc1 Re6 38.Nc6 Ne4 39.Nxa5 d4 40.Rc8+ Kg7 41.Rd8 d3 42.Kg1 d2 43.Nc4 Rc6
44.Nxd2 Rc1+ 45.Nf1 Ng3 46.Kf2 Nxf1 47.a5 Ra1 48.a6 Rxa6 49.Kxf1  1/2-1/2

[Event "FIDE World Blitz 2014"]
[Site "Dubai UAE"]
[Date "2014.06.20"]
[Round "19.8"]
[White "Aronian,L"]
[Black "Polgar,Ju"]
[Result "1-0"]
[WhiteElo "2815"]
[BlackElo "2685"]

1.c4 e5 2.Nc3 Nc6 3.g3 Bc5 4.Bg2 Nge7 5.e3 a6 6.Nge2 d6 7.O-O O-O 8.b3 Ba7
9.h3 Be6 10.d4 exd4 11.exd4 Bd7 12.d5 Ne5 13.Kh2 b5 14.f4 N5g6 15.Nd4 bxc4
16.bxc4 Nf5 17.Nc6 Qf6 18.Qd3 Bc5 19.Bd2 Bxc6 20.dxc6 Nge7 21.Rae1 Rab8 22.Ne4 Qg6
23.g4 Nh4 24.f5 Nexf5 25.Rxf5 Nxf5 26.Nxc5 dxc5 27.Qxf5 Qd6+ 28.Bf4 Qd4 29.Be5 Qd2
30.Rf1 f6 31.Bxc7 Rb2 32.Qd5+ Kh8 33.Qxd2 Rxd2 34.Bf4 Rc2 35.Rd1 g5 36.c7  1-0

[Event "FIDE World Blitz 2014"]
[Site "Dubai UAE"]
[Date "2014.06.20"]
[Round "20.14"]
[White "Malakhov,V"]
[Black "Polgar,Ju"]
[Result "1-0"]
[WhiteElo "2694"]
[BlackElo "2685"]

1.Nf3 Nf6 2.g3 g6 3.b3 Bg7 4.Bb2 O-O 5.Bg2 d5 6.c4 c6 7.O-O a5 8.d3 Na6 9.Nbd2 Be6
10.a3 Qc8 11.Re1 Bh3 12.Bh1 h6 13.Qc2 Qd8 14.Rac1 Nc7 15.cxd5 Ncxd5 16.Nc4 Nb6
17.Nfe5 Nfd7 18.Nxb6 Nxb6 19.Qb1 Qd6 20.Nc4 Nxc4 21.bxc4 e5 22.Bc3 Qxa3 23.Qxb7 Rfc8
24.Qb2 Qc5 25.Bg2 Bxg2 26.Kxg2 a4 27.Bb4 Qa7 28.Qa3 c5 29.Bd2 Qb7+ 30.e4 Bf8
31.Rb1 Qd7 32.Be3 h5 33.h3 f5 34.Rb6 Rc6 35.Reb1 h4  1-0

[Event "41st Olympiad Open 2014"]
[Site "Tromso NOR"]
[Date "2014.08.03"]
[Round "2.6"]
[White "Guerrero,An"]
[Black "Polgar,Ju"]
[Result "0-1"]
[WhiteElo "2318"]
[BlackElo "2676"]

1.e4 c5 2.Nf3 e6 3.d4 cxd4 4.Nxd4 Nc6 5.Nc3 a6 6.f4 Nge7 7.Nf3 b5 8.a3 Bb7
9.Bd3 Ng6 10.O-O Qc7 11.Ng5 f6 12.Nh3 Bc5+ 13.Kh1 O-O-O 14.Qh5 Nce7 15.Qe2 e5
16.fxe5 Nxe5 17.Nf4 h5 18.a4 g5 19.axb5 gxf4 20.bxa6 Bc6 21.Bxf4 Rdg8 22.Bc4 Rg4
23.Nd5 Bxd5 24.Bxd5 Nxd5 25.exd5 Kb8 26.Rf3 Ka8 27.h3 Rhg8 28.d6 Qc6 29.hxg4 hxg4
30.Rc3 Rh8+ 31.Bh2 Qxd6 32.Qe4+ Nc6 33.g3 Rxh2+ 34.Kxh2 Qd2+  0-1

[Event "41st Olympiad Open 2014"]
[Site "Tromso NOR"]
[Date "2014.08.09"]
[Round "7.7"]
[White "Polgar,Ju"]
[Black "Akopian,Vl"]
[Result "1/2-1/2"]
[WhiteElo "2676"]
[BlackElo "2655"]

1.e4 e5 2.Nf3 Nc6 3.Bb5 Nf6 4.O-O Nxe4 5.d4 Nd6 6.Bxc6 dxc6 7.dxe5 Nf5 8.Qxd8+ Kxd8
9.h3 h5 10.c4 Ke8 11.Nc3 Be6 12.b3 Rd8 13.Bg5 Be7 14.Rad1 Bxg5 15.Nxg5 Ke7
16.Ne2 h4 17.Nf4 Rxd1 18.Rxd1 Ra8 19.Kh2 a5 20.a4 c5 21.Rd3 Nd4 22.Ngxe6 Nxe6
23.Nxe6 Kxe6 24.f4 Rg8 25.g4 hxg3+ 26.Kxg3 g5 27.Kg4 gxf4+ 28.Kxf4 Rh8 29.Re3 b6
30.Kg4 Rg8+ 31.Kf4 Rh8 32.Kg5 Rg8+ 33.Kh6 Rh8+ 34.Kg7 Rh5 35.Rf3 Rg5+ 36.Kf8 Rh5
37.Re3 Rh8+ 38.Kg7 Rh5 39.Rg3 Ke7 40.Re3 Ke6  1/2-1/2

[Event "41st Olympiad Open 2014"]
[Site "Tromso NOR"]
[Date "2014.08.10"]
[Round "8.8"]
[White "Shankland,S"]
[Black "Polgar,Ju"]
[Result "1-0"]
[WhiteElo "2624"]
[BlackElo "2676"]

1.d4 Nf6 2.c4 e6 3.Nf3 Bb4+ 4.Nbd2 b6 5.a3 Bxd2+ 6.Qxd2 Bb7 7.e3 a5 8.b3 d6
9.Be2 Nbd7 10.Bb2 O-O 11.O-O Qe7 12.Qc2 c5 13.Rfd1 h6 14.Rac1 Rfc8 15.a4 cxd4
16.Nxd4 Nc5 17.Ba3 Nfe4 18.Nb5 d5 19.f3 Nf6 20.Qb2 e5 21.cxd5 Nxd5 22.e4 Nf4
23.Bc4 Rd8 24.Kh1 Rxd1+ 25.Rxd1 Rd8 26.Qc2 Rxd1+ 27.Qxd1 Qg5 28.Qd2 Nxe4
29.fxe4 Bxe4 30.Bf1 Bc6 31.Bc1 Qg4 32.Nc3 g5 33.Qc2 Kg7 34.Be3 Qe6 35.Kg1 Bb7
36.Nb5 Nd5 37.Bf2 Nf4 38.Nc7 Qg4 39.Bxb6 Nh3+ 40.Kh1 Qf4 41.Qc4 Qd2 42.Qe2 Qc1
43.Ne8+ Kf8 44.Nd6 Bd5 45.Be3 Qb1 46.Qd3 Qe1 47.Qe2 Qb1 48.Nc4 Qxb3 49.Qd3 Qxd3
50.Bxd3 Nf4 51.Bxf4 exf4 52.Nxa5 f3 53.gxf3 Bxf3+ 54.Kg1 Bd1 55.Bb5 Ke7 56.Nc4 Bf3
57.a5 f6 58.a6 Kd8 59.Kf2 Bh1 60.Ne3  1-0